000 00880cam a2200265 a 4500
001 000019778
005 20240226143822.0
008 780112s1970 sp 001 e spa d
040 _aDO-SdBNP
_cMWalB
_dOCoLC
_dDLC
_dBNPHU
082 _a864.64
_bC174c, 1970
100 1 _aCamba, Julio,
_d1882-1962
_93094
245 1 3 _aLa ciudad automática /
_cJulio Camba.
250 _a7a ed.
260 _aMadrid :
_bEspasa-Calpe,
_c1970.
300 _a146, [18] p. ;
_c18 cm.
490 1 _aAustral. Negra: viajes y reportajes
_v269
650 4 _aEnsayos españoles
_93095
650 4 _aLiteratura española
_ySIGLO XX
_93326
651 4 _aEstados Unidos
_xDescripciones Y Viajes
_911048
651 4 _aEstados Unidos
_xCondiciones Sociales
_912474
830 0 _aAustral.
_pNegra: viajes y reportajes ;
_v269
_941665
910 _aCatalogación derivada / LC
910 _aWM
049 _aBNGR
999 _c19292
_d19292